Franklin Becker [and] Fritz Steele (Record no. 201990)

MARC details
000 -LEADER
fixed length control field 00524nam a22001817a 4500
005 - DATE AND TIME OF LATEST TRANSACTION
control field 20240409112547.0
020 ## - INTERNATIONAL STANDARD BOOK NUMBER
Terms of availability 900.00
037 ## - SOURCE OF ACQUISITION
Source of stock number/acquisition Gift/Unesco
082 ## - DEWEY DECIMAL CLASSIFICATION NUMBER
Classification number 658.23
100 ## - MAIN ENTRY--PERSONAL NAME
Personal name Becker, Franklin
245 ## - TITLE STATEMENT
Title Franklin Becker [and] Fritz Steele
Statement of responsibility, etc Franklin Becker [and] Fritz Steele
260 ## - PUBLICATION, DISTRIBUTION, ETC. (IMPRINT)
Place of publication, distribution, etc New York
Name of publisher, distributor, etc Jossey-Bass Publishers
Date of publication, distribution, etc 1994
270 ## - ADDRESS
Address New York
300 ## - PHYSICAL DESCRIPTION
Extent xv, 228p.;
Dimensions 24cm(Hb)
490 ## - SERIES STATEMENT
Series statement Index
700 ## - ADDED ENTRY--PERSONAL NAME
Personal name Steele, Fritz
9 (RLIN) 64423
942 ## - ADDED ENTRY ELEMENTS (KOHA)
Source of classification or shelving scheme Dewey Decimal Classification
Item type English Books
Classification part 658.23
Call number suffix BAC

No items available.


© Delhi Public Library
Hit Counter
free hit counter